000 00275nam a2200109Ia 4500
008 200302s9999 xx 000 0 und d
100 _aOwen Hopkins
245 _aArchitectural Styles A visual guide
260 _bLaurence King Publishing Ltd.,
260 _c2014
300 _a240
999 _c6263
_d6263